000 00297nam a2200121Ia 4500
008 191201s2019 xx 000 0 und d
100 _aCLEMENTS, Alan
245 0 _aComputer organization and architecture
260 _bCangage
_c2019
300 _a898
650 _aB.Tech(CSE)
942 _2ddc
_cBK
_01
999 _c7069
_d7069